|
|
|
|
| LEADER |
00610 a2200205 4500 |
| 005 |
20151026133213.0 |
| 008 |
130704b xxu||||| |||| 00| 0 eng d |
| 020 |
|
|
|a 9789350590676
|
| 080 |
|
|
|a 581.6
|b KOC
|
| 100 |
|
|
|a Kochhar, S L
|
| 245 |
|
|
|a Economic botany in the tropics
|
| 250 |
|
|
|a 4th ed.
|
| 260 |
|
|
|b MacMillan
|c 2011
|a Delhi
|
| 300 |
|
|
|a xxix, 664p.
|
| 653 |
|
|
|a Economic botany
|
| 653 |
|
|
|a Cereal crops
|
| 653 |
|
|
|a Transgenic crops
|
| 942 |
|
|
|c BK
|6 _
|
| 999 |
|
|
|c 65216
|d 65216
|
| 952 |
|
|
|0 0
|1 0
|2 udc
|4 0
|6 5816_KOC
|7 0
|9 77571
|a UL
|b UL
|d 2013-02-05
|g 0.00
|o 581.6 KOC
|p 00068824
|r 2013-02-05
|v 0.00
|w 2013-02-05
|y BK
|